000 00922nam a2200229 a 4500
999 _c11286
_d11286
001 11286
003 BD-JhCC
005 20211113134021.0
008 190622s 2016bg |||| ||a| 000 0 ben d
020 _a9789847762371
035 _a(BD-JhCC)11286
040 _aBD-JhCC
_dBD-JhCC
041 _aben
082 _bBAB 2016
_a923.1
245 _aবাবরনামা :
_bমোগল স্ম্রাট জহির উদ্-দিন মুহম্মদ জালাল উদ-দিন বাবর বিরচিত /
_cঅনুবাদ: মুহম্মদ জালালউদ্দীন বিশ্বাস ।
260 _aঢাকা:
_bঐতিহ্য;
_c২০১৬.
300 _a২৫৩ পৃ. :
_c২২ সেমি.
650 _aBiography
700 _a বিশ্বাস, মুহম্মদ জালালউদ্দীন
942 _2ddc
_cBK
_01